[Event "Challenge"]
[Site "http://www.queenalice.com/game.php?id=1393274"]
[Date "2015.11.9"]
[Round "-"]
[White "LKap"]
[Black "Tooony"]
[Result "0-1"]
[WhiteElo "1757"]
[BlackElo "1777"]

1. e3 e5 2. d3 d5 3. Qh5 Nc6 4. Nf3 Nf6 5. Qh4 Be7 6. Qa4 a6 7. Nxe5 O-O 8. Nxc6
bxc6 9. Qxc6 Bd7 10. Qb7 c6 11. d4 Bd6 12. Bxa6 Qa5+ 13. Bd2 Qxa6 14. Qxa6 Rxa6
15. f3 Rb8 16. b3 Bb4 17. c3 Ba3 18. g4 Bb2 19. O-O Bxa1 20. e4 Rxa2 21. g5 Nh5
22. b4 g6 23. e5 Bf5 24. Be3 Bxb1 25. Rxb1 Bxc3 26. Rb3 Rc2 27. Rb1 Rxb4 28. Rf1
Bxd4 29. Bxd4 Rxd4 30. Ra1 Kg7 31. Ra7 Rd1# 0-1

[Event "Challenge"]
[Site "http://www.queenalice.com/game.php?id=1400624"]
[Date "2015.12.26"]
[Round "-"]
[White "LKap"]
[Black "JORAM2205"]
[Result "1-0"]
[WhiteElo "1742"]
[BlackElo "1876"]

1. e3 e5 2. d3 Nc6 3. e4 Nf6 4. Bg5 Bc5 5. Nc3 d6 6. Bxf6 Qxf6 7. Qf3 Qe7 8. Nd5
Qd7 9. Qf5 Bb6 10. Qg5 g6 11. Nf6+ Kf8 12. Nxd7+ Bxd7 13. c3 Ne7 14. f4 Bxg1 15.
Rxg1 Nc6 16. O-O-O h6 17. Qf6 Rg8 18. d4 Bg4 19. Rd2 Be6 20. d5 Nd8 21. dxe6
Nxe6 22. Bc4 Re8 23. fxe5 Nc5 24. Qxf7# 1-0

[Event "Challenge"]
[Site "http://www.queenalice.com/game.php?id=1413137"]
[Date "2016.3.11"]
[Round "-"]
[White "LKap"]
[Black "brouqui"]
[Result "0-1"]
[WhiteElo "1763"]
[BlackElo "1758"]

1. e3 c5 2. Qh5 Nf6 3. Qxc5 e6 4. Qe5 Nc6 5. Qc3 Bb4 6. Qd3 O-O 7. c3 Be7 8. b4
d5 9. f4 Ne4 10. Ba3 b6 11. b5 Na5 12. Bb4 Bxb4 13. cxb4 Nc4 14. Qd4 Ncd6 15. a4
Nf5 16. Qb2 Qh4+ 17. g3 Nfxg3 18. Nf3 Qh6 19. Rg1 Nf5 20. d3 Ned6 21. Nbd2 Nxe3
22. Bh3 Ndf5 23. Bxf5 Nxf5 24. O-O-O g6 25. Qe5 f6 26. Qc7 Qg7 27. Qc3 Bd7 28.
Qb3 a5 29. Rde1 Kh8 30. Kd1 axb4 31. Qxb4 Ra7 32. Ke2 e5 33. fxe5 fxe5 34. Kf2
Re8 35. h4 Qf6 36. Qg4 Nd4 37. Qg3 Nxf3 38. Nxf3 e4 39. dxe4 dxe4 40. Rxe4 Qb2+
41. Ke3 Rxe4+ 42. Kxe4 Bf5+ 43. Ke3 Re7+ 44. Kf4 Re4+ 45. Kg5 h6+ 46. Kxh6 Qg7+
47. Kg5 Qe7+ 48. Kh6 Qh7+ 49. Kg5 Qh5+ 50. Kf6 Re6+ 51. Kf7 Qh7+ 52. Kf8 Qg7#
0-1

[Event "Challenge"]
[Site "http://www.queenalice.com/game.php?id=1449329"]
[Date "2016.11.11"]
[Round "-"]
[White "LKap"]
[Black "LeoChessNut"]
[Result "1-0"]
[WhiteElo "1747"]
[BlackElo "2004"]

1. e3 d5 2. d4 Nf6 3. f3 e6 4. c4 Nc6 5. a3 Be7 6. Nc3 O-O 7. b4 Qd6 8. c5 Qd8
9. Bb5 Bd7 10. Nge2 a5 11. Bxc6 Bxc6 12. b5 Bd7 13. Rb1 h6 14. g4 c6 15. b6 h5
16. g5 Nh7 17. f4 e5 18. O-O Bf5 19. Rb2 Qd7 20. fxe5 Nxg5 21. Ng3 Bh3 22. Rf4
Bg4 23. Rxg4 hxg4 24. Re2 f6 25. e4 Nf3+ 26. Kg2 fxe5 27. exd5 exd4 28. dxc6
Qxc6 29. Nce4 Rad8 30. Qb3+ Kh8 31. h3 1-0

[Event "Challenge"]
[Site "http://www.queenalice.com/game.php?id=1504166"]
[Date "2017.11.18"]
[Round "-"]
[White "WLAO"]
[Black "LKap"]
[Result "0-1"]
[WhiteElo "1711"]
[BlackElo "1773"]

1. b3 e6 2. Nf3 f6 3. e4 Nc6 4. Bb2 g5 5. g3 e5 6. d3 d5 7. exd5 Qxd5 8. Bg2 g4
9. c4 Qd6 10. Nh4 Nb4 11. O-O Nxd3 12. Ba3 Qd4 13. Nd2 Bxa3 14. Bd5 c6 15. Bxg8
Rxg8 16. Rb1 Bc5 17. Qe2 Nxf2 18. Rxf2 Qxf2+ 19. Qxf2 Bxf2+ 20. Kxf2 f5 21. Re1
e4 22. Kg2 c5 23. h3 Be6 24. Kh2 O-O-O 25. Nb1 gxh3 26. Nc3 Rd2+ 27. Kxh3 f4+
28. g4 Bxg4# 0-1

[Event "Challenge"]
[Site "http://www.queenalice.com/game.php?id=1513585"]
[Date "2018.1.26"]
[Round "-"]
[White "LKap"]
[Black "victorbush2"]
[Result "0-1"]
[WhiteElo "1766"]
[BlackElo "1948"]

1. e3 d5 2. Nf3 Nc6 3. Bb5 Bd7 4. Bxc6 Bxc6 5. O-O g6 6. g4 Bg7 7. c3 e5 8. Ne1
e4 9. Ng2 Nf6 10. h3 O-O 11. Qc2 Re8 12. g5 Nd7 13. h4 Ne5 14. d4 exd3 15. Qd1
Bb5 16. Nd2 f6 17. f4 Nd7 18. Qb3 c6 19. c4 dxc4 20. Nxc4 Nc5 21. Qb4 Ne4 22.
Qb3 Kh8 23. Nd2 f5 24. Nxe4 fxe4 25. Bd2 Qd7 26. Rac1 b6 27. a4 Ba6 28. Rfd1 Qe6
29. Qxe6 Rxe6 30. Bc3 c5 31. Bxg7+ Kxg7 32. b3 Rc8 33. b4 c4 34. b5 Bb7 35. Rc3
Re7 36. Rd2 Rc5 37. Kf1 a6 38. Ke1 axb5 39. axb5 Bd5 40. Rb2 Ra7 41. Kd2 Ra5 42.
Ne1 Raxb5 43. Ra2 Ra5 44. Rca3 c3+ 0-1

[Event "Challenge"]
[Site "http://www.queenalice.com/game.php?id=1517740"]
[Date "2018.2.28"]
[Round "-"]
[White "WLAO"]
[Black "LKap"]
[Result "1-0"]
[WhiteElo "1669"]
[BlackElo "1787"]

1. b3 d5 2. Ba3 Nf6 3. d4 Nc6 4. c3 Bf5 5. Nd2 e5 6. Bxf8 Rxf8 7. dxe5 Nxe5 8.
Ngf3 Nxf3+ 9. Nxf3 Qd6 10. g3 O-O-O 11. Bg2 Be4 12. O-O Bxf3 13. exf3 Qc5 14.
Rc1 b5 15. Qd3 g6 16. Bh3+ Kb7 17. b4 Qc4 18. Qc2 d4 19. a4 a6 20. axb5 axb5 21.
Rfd1 Qxc3 22. Qa2 Qxb4 23. Rd3 Ra8 24. Qc2 Nd5 25. Qc6+ Ka7 26. Ra1+ Qa4 27.
Rxa4+ bxa4 28. Qxd5 Rab8 29. Qc5+ Rb6 30. Qxf8 Rb1+ 31. Kg2 Rb3 32. Qc5+ Kb8 33.
Rxd4 a3 34. Rd8+ Kb7 35. Qd5+ Kb6 36. Qxb3+ 1-0

[Event "Challenge"]
[Site "http://www.queenalice.com/game.php?id=1533100"]
[Date "2018.6.30"]
[Round "-"]
[White "LKap"]
[Black "LYUSS"]
[Result "0-1"]
[WhiteElo "1757"]
[BlackElo "1736"]

1. e3 e5 2. f3 Nf6 3. d4 exd4 4. Qxd4 Nc6 5. Qf4 Bd6 6. Qh4 O-O 7. c3 Ne5 8. f4
Ng6 9. Qg5 h6 10. Qb5 Re8 11. h3 Bxf4 12. Kf2 Ne4+ 13. Kf3 Qh4 14. Ne2 Ng5+ 15.
Qxg5 Bxg5 16. g3 Qe4+ 17. Kf2 Qxh1 0-1

[Event "Challenge"]
[Site "http://www.queenalice.com/game.php?id=1550726"]
[Date "2018.11.26"]
[Round "-"]
[White "LKap"]
[Black "noodle"]
[Result "1-0"]
[WhiteElo "1740"]
[BlackElo "1669"]

1. e3 e5 2. Nf3 e4 3. Nd4 c5 4. Nb3 d5 5. d4 c4 6. N3d2 f5 7. c3 b5 8. b3 Nf6 9.
a4 b4 10. bxc4 dxc4 11. Nxc4 a5 12. f3 Ba6 13. g4 fxg4 14. fxg4 Bxc4 15. Bxc4
bxc3 16. Nxc3 Bb4 17. Bd2 h5 18. g5 Ng4 19. Qb3 Qxg5 20. Bf7+ Kd7 21. Qd5+ 1-0

[Event "AUTO-ADV-4313"]
[Site "http://www.queenalice.com/game.php?id=1603736"]
[Date "2020.3.22"]
[Round "1"]
[White "Rasumichin"]
[Black "LKap"]
[Result "0-1"]
[WhiteElo "1824"]
[BlackElo "1770"]

1. e4 e5 2. Nf3 Nf6 3. Nc3 Bb4 4. Nxe5 Bxc3 5. dxc3 Nxe4 6. Bd3 Nd6 7. Bf4 Qf6
8. Qd2 Nc6 9. Nxc6 dxc6 10. Qe3+ Qe6 11. Qxe6+ Bxe6 12. O-O O-O-O 13. Be3 b5 14.
Bxa7 g6 15. Bd4 Rhe8 16. Bf6 Rd7 17. b4 Bc4 18. a4 Bxd3 19. cxd3 Re6 20. Bd4 Nf5
21. Bc5 Rxd3 22. Rfc1 bxa4 23. Rxa4 Rxc3 24. Raa1 Rxc1+ 25. Rxc1 Kb7 26. g4 Nh4
27. Bd4 Nf3+ 28. Kg2 Nxd4 29. Rc4 Nb5 30. g5 Nd6 31. Rf4 Re4 32. Kf3 Rxf4+ 33.
Kxf4 Ne8 34. h4 Kb6 35. Ke4 Kb5 36. Kd4 Kxb4 37. f4 c5+ 38. Kd3 Kb3 39. Ke4 c4
40. Kd4 c3 41. Kd3 Kb2 42. Ke2 c2 0-1

[Event "AUTO-ADV-4313"]
[Site "http://www.queenalice.com/game.php?id=1603737"]
[Date "2020.3.22"]
[Round "1"]
[White "LKap"]
[Black "Rasumichin"]
[Result "1-0"]
[WhiteElo "1775"]
[BlackElo "1806"]

1. e3 e5 2. d3 Nc6 3. b3 Bb4+ 4. c3 Bxc3+ 5. Nxc3 Nf6 6. e4 d6 7. Bg5 Qe7 8.
Bxf6 Qxf6 9. Nd5 Qd8 10. Qf3 Be6 11. O-O-O Qd7 12. h3 O-O-O 13. Qg3 g6 14. Qg5
Bxd5 15. exd5 Nd4 16. Qf6 c5 17. Nf3 Nb5 18. Kb2 Qc7 19. a4 Nd4 20. Ng5 Rdf8 21.
Ne4 Qb6 22. Nxd6+ Kb8 23. Kc1 Nxb3+ 24. Kc2 Nd4+ 25. Kd2 Qb4+ 26. Ke3 Qxa4 27.
Rb1 Nf5+ 28. Nxf5 Qf4+ 29. Ke2 gxf5 30. Qd6+ Ka8 31. Qxc5 Qa4 32. Qb4 Qxb4 33.
Rxb4 Rc8 34. Kd2 Rc5 35. Ke3 Rxd5 36. Be2 Rg8 37. Rc1 a5 38. Rbc4 f4+ 39. Ke4
Rd4+ 40. Rxd4 exd4 41. Bf3 Rd8 42. Kxf4 Ka7 43. Ra1 b6 44. Bd1 Rd5 45. Ke4 Rd8
46. Ra4 Rg8 47. g4 Kb7 48. Kxd4 Kc6 49. Rc4+ Kd6 50. Ra4 f5 51. Kc4 Kc6 52. gxf5
Rf8 53. Bf3+ Kc7 54. Bg4 Kc6 55. Bf3+ Kc7 56. Be4 h5 57. Kb5 Rg8 58. d4 Rd8 59.
d5 Rd6 60. Ra3 h4 61. Re3 Kd7 62. Bf3 Rf6 63. Bg4 Kc7 64. Re6 1-0

[Event "AUTO-ADV-4313"]
[Site "http://www.queenalice.com/game.php?id=1603748"]
[Date "2020.3.22"]
[Round "1"]
[White "Canaye"]
[Black "LKap"]
[Result "1-0"]
[WhiteElo "1885"]
[BlackElo "1757"]

1. d4 Nf6 2. c4 e6 3. Nc3 Bb4 4. e3 Bxc3+ 5. bxc3 O-O 6. Bd3 c6 7. Ne2 d5 8.
cxd5 Qxd5 9. O-O e5 10. c4 exd4 11. cxd5 dxe3 12. Bxe3 Nxd5 13. Bc5 Re8 14. Qc2
g6 15. Rfe1 b6 16. Ba3 b5 17. Red1 Bf5 18. Ng3 Nf4 19. Nxf5 gxf5 20. Bxf5 Kg7
21. Bb2+ Kh6 22. Rd6+ Kg5 23. g4 Ne2+ 24. Kf1 Nf4 25. Bf6+ Kh6 26. g5+ Kh5 27.
Qb3 Rf8 28. Qf3+ 1-0

[Event "AUTO-ADV-4313"]
[Site "http://www.queenalice.com/game.php?id=1603749"]
[Date "2020.3.22"]
[Round "1"]
[White "LKap"]
[Black "Canaye"]
[Result "0-1"]
[WhiteElo "1788"]
[BlackElo "1856"]

1. e3 e6 2. Ne2 d5 3. d4 c5 4. dxc5 Bxc5 5. Nf4 Qb6 6. Qd3 Ne7 7. g4 Nbc6 8. c3
Ne5 9. Qe2 Bd7 10. b4 Bd6 11. a4 Rc8 12. a5 Qd8 13. e4 dxe4 14. Bh3 Bc6 15. b5
Nf3+ 16. Kf1 Bd7 17. c4 g5 18. Nh5 Ng6 19. Bg2 f5 20. Bxf3 exf3 21. Qd3 Qe7 22.
Bxg5 Qxg5 23. Nd2 Bb4 24. Nxf3 Qe7 25. Rd1 Rd8 26. a6 b6 27. Qd4 Rf8 28. gxf5
exf5 29. Nd2 Rf7 30. Re1 Be6 31. Qe3 Bxd2 32. Qxe6 Qxe6 33. Rxe6+ Re7 34. Re2
Rxe2 35. Kxe2 Bh6 36. Kf3 Ne5+ 37. Kg2 Kf7 38. Ng3 Rg8 39. Re1 Nxc4 40. Rd1 f4
41. Rd7+ Kf6 42. Rxh7 Bf8 43. Rxa7 fxg3 44. fxg3 Bc5 45. Rc7 Nd6 46. a7 Ra8 47.
h4 Nc8 48. h5 Nxa7 49. Rh7 Nxb5 50. g4 Nd6 51. g5+ Kxg5 52. h6 Kg6 53. Rb7 Rh8
54. Re7 Kxh6 55. Kf3 Rf8+ 56. Ke2 Kg6 57. Kd3 Rf3+ 58. Ke2 Kf6 59. Ra7 Re3+ 60.
Kd1 Nc4 61. Ra2 Ke5 62. Rc2 Kd4 63. Kc1 Re1# 0-1

[Event "AUTO-ADV-4313"]
[Site "http://www.queenalice.com/game.php?id=1603756"]
[Date "2020.3.22"]
[Round "1"]
[White "LKap"]
[Black "BeatifulDevil56"]
[Result "0-1"]
[WhiteElo "1792"]
[BlackElo "1762"]

1. e3 e5 2. f3 d5 3. c3 Nf6 4. d4 Bd6 5. Bd3 Qe7 6. Ne2 e4 7. fxe4 dxe4 8. Bc2
O-O 9. h3 c6 10. O-O Bc7 11. g4 Qd6 12. Kf2 Qh2+ 13. Ke1 Qxh3 14. g5 Nd5 15. Kd2
Nxe3 16. Qe1 Nxf1+ 17. Kd1 Bg3 18. Nxg3 Nxg3 19. Kd2 e3+ 20. Kd3 Qf1+ 21. Qxf1
Nxf1 22. Bxe3 Nxe3 23. Kxe3 Re8+ 24. Kf2 Na6 25. Nd2 Bd7 26. Rh1 g6 27. Ne4 Red8
28. Nf6+ Kf8 29. Rxh7 Ke7 30. Bxg6 Rf8 31. b4 Be6 32. a3 Nc7 33. Be4 Kd6 34. a4
Nd5 35. Bxd5 cxd5 36. a5 Rac8 37. b5 Rxc3 38. Rg7 Rh8 39. Nh7 Rhc8 40. Nf6 R8c4
41. g6 Rxd4 42. Ne4+ dxe4 43. gxf7 Rf3+ 44. Ke2 Rxf7 45. Rg3 Bc4+ 46. Ke1 Rf1#
0-1

[Event "AUTO-ADV-4313"]
[Site "http://www.queenalice.com/game.php?id=1603757"]
[Date "2020.3.22"]
[Round "1"]
[White "BeatifulDevil56"]
[Black "LKap"]
[Result "0-1"]
[WhiteElo "1941"]
[BlackElo "1746"]

1. d4 d5 2. e3 Nf6 3. c4 Bf5 4. c5 e6 5. Bb5+ c6 6. Bd3 b6 7. Bxf5 exf5 8. cxb6
Qxb6 9. a3 Qa5+ 10. Bd2 Qb5 11. Bc3 Ne4 12. b4 a5 13. Nd2 Nxc3 14. Qf3 g6 15.
Ne2 Nxe2 16. Qxe2 axb4 17. Qxb5 cxb5 18. O-O bxa3 19. Ra2 Bb4 20. Nb3 Nc6 21.
Rc1 Rc8 22. Rac2 Kd7 23. Nc5+ Bxc5 24. Rxc5 Nb4 25. Rxc8 Rxc8 26. Rxc8 Kxc8 0-1

[Event "Challenge"]
[Site "http://www.queenalice.com/game.php?id=1634088"]
[Date "2020.11.24"]
[Round "-"]
[White "LKap"]
[Black "literat108"]
[Result "1-0"]
[WhiteElo "1775"]
[BlackElo "1867"]

1. d4 Nf6 2. c4 e6 3. a3 d5 4. Bg5 dxc4 5. Bxf6 Qxf6 6. Qa4+ Bd7 7. Qxc4 c5 8.
e3 Nc6 9. Nf3 cxd4 10. e4 h5 11. Nbd2 Rc8 12. Qd3 g5 13. e5 Nxe5 14. Qxd4 1-0

[Event "Happy New Year!"]
[Site "http://www.queenalice.com/game.php?id=1638780"]
[Date "2021.1.4"]
[Round "-"]
[White "LKap"]
[Black "Wigmont"]
[Result "1-0"]
[WhiteElo "1795"]
[BlackElo "1567"]

1. e4 e5 2. Nf3 Nc6 3. Bb5 Qf6 4. Nc3 Qg6 5. O-O d6 6. h3 Bxh3 7. Nh4 Qg5 8. Qf3
O-O-O 9. Qxh3+ Kb8 10. d3 Qf6 11. Nd5 Qe6 12. Qxe6 fxe6 13. Bxc6 bxc6 14. Nb4
Ne7 15. Bg5 Kb7 16. c3 c5 17. Nc2 d5 18. Rad1 h6 19. Bxe7 Bxe7 20. Ng6 Rhe8 21.
Nxe5 Bf6 22. Ng4 Bg5 23. f4 Be7 24. Ne5 g5 25. f5 h5 26. Nf7 Rd7 27. fxe6 Rdd8
28. Nxd8+ Rxd8 29. Rf7 Bd6 30. exd5 g4 31. Rh7 c4 32. dxc4 Bc5+ 33. Nd4 Bd6 34.
Nf5 Bc5+ 35. Kh2 Rf8 36. Rf1 h4 37. b4 Bd6+ 38. Nxd6+ Kb6 39. Rxf8 cxd6 40. Rb8+
Ka6 41. b5+ Ka5 42. Rxa7# 1-0

[Event "Challenge"]
[Site "http://www.queenalice.com/game.php?id=1646458"]
[Date "2021.3.13"]
[Round "-"]
[White "LKap"]
[Black "boris555"]
[Result "0-1"]
[WhiteElo "1802"]
[BlackElo "1816"]

1. e4 e6 2. d3 d5 3. Qe2 Nf6 4. Bg5 Be7 5. Bxf6 Bxf6 6. e5 Be7 7. d4 c5 8. dxc5
Bxc5 9. Qb5+ Nd7 10. f4 a6 11. Qe2 Nb6 12. c3 Bd7 13. b4 Be7 14. Nd2 Bb5 15. Qg4
O-O 16. O-O-O Qc7 17. Qf3 Na4 18. Kc2 d4 19. Ne2 d3+ 20. Kb3 dxe2 21. Bxe2 Bc6
22. Qg3 b5 23. c4 Rfd8 24. Nf3 h6 25. Nd4 bxc4+ 26. Bxc4 Nb6 27. Bxe6 Ba4+ 28.
Ka3 Bxd1 29. Rxd1 Rxd4 30. Bxf7+ Kxf7 31. Rxd4 Rb8 32. Qb3+ Kf8 33. g3 Qc1+ 34.
Qb2 Qe3+ 0-1

[Event "Challenge"]
[Site "http://www.queenalice.com/game.php?id=1810806"]
[Date "2023.4.28"]
[Round "-"]
[White "LKap"]
[Black "Nigel68"]
[Result "1-0"]
[WhiteElo "1787"]
[BlackElo "1787"]

1. e3 d6 2. Nf3 e5 3. Bd3 Nc6 4. Bb5 Bd7 5. Bxc6 Bxc6 6. O-O Qf6 7. c3 Bxf3 8.
gxf3 Ne7 9. e4 O-O-O 10. d4 d5 11. Re1 Nc6 12. Be3 Qg6+ 13. Kh1 Kb8 14. Rg1 Qd6
15. Qd3 f6 16. Qb5 Qe6 17. Nd2 g6 18. b3 a6 19. Qd3 Be7 20. c4 exd4 21. cxd5 Qd6
22. Nc4 Qc5 23. dxc6 bxc6 24. Bd2 Qb5 25. a4 Qh5 26. Bf4 g5 27. Bg3 c5 28. Na5
Rde8 29. Qxa6 Qxf3+ 30. Rg2 Qxe4 31. Nc6+ Qxc6 32. Qxc6 Rc8 33. Re1 Rhe8 34.
Bxc7+ 1-0

[Event "Challenge"]
[Site "http://www.queenalice.com/game.php?id=1841101"]
[Date "2024.7.29"]
[Round "-"]
[White "jorm"]
[Black "LKap"]
[Result "1-0"]
[WhiteElo "1792"]
[BlackElo "1805"]

1. e4 e5 2. Nc3 Nf6 3. Nf3 Bd6 4. d4 Qe7 5. d5 Bb4 6. Bd2 Bxc3 7. Bxc3 d6 8. Bd3
Bg4 9. h3 Bxf3 10. Qxf3 Nbd7 11. b4 O-O-O 12. a4 a6 13. a5 g6 14. Qe3 Kb8 15. b5
c5 16. bxa6 Rc8 17. axb7 c4 18. bxc8=Q+ Rxc8 19. Be2 Rc5 20. O-O Ka7 21. Bxc4
Kb7 22. Rfb1+ Kc7 23. a6 Nb6 24. Ba5 Nd7 25. Bb5 Qd8 26. Bxd7 1-0